Najwiecej earningsow fortnite (Polacy) - Statystyki

Ogólne statystyki
  • Ten quiz został rozwiązany 658 razy
  • Średni wynik to 7 z 15
Statystyki odpowiedzi
Hint Odpowiedź % Poprawnych
1 (681K $) Kami
99%
2 (620K $) Setty
99%
3 (468K $) Teeq
77%
7 (78K $) Kubx
72%
4 (130K $) Artor
71%
5 (103K $) Rakso
53%
15 (41K $) Pkr
46%
12 (51K $) Packo
45%
14 (44K $) Mikson
44%
13 (46K $) Keffy
43%
8 (73K $) Jarkos
29%
6 (81K $) Luki
22%
11 (52K $) Evil
15%
10 (58K $) Hoopek
8%
9 (59K $) Taiovsky
8%
Nie znaleziono quizów pasujących do podanych kryteriów
Rozkład punktacji
Procent ludzi z każdym wynikiem
Percentyl według liczby udzielonych odpowiedzi
Twoja historia wyników
Nie rozwiązałeś tego quizu